000
00275nam a2200109Ia 4500
008
200302s9999 xx 000 0 und d
100
_a
Tony P. Wrenn & Other
245
_a
America's Forgotten Architecture
260
_b
Phantheon Books Ltd.
260
_c
1976
300
_a
311 P.,
999
_c
2168
_d
2168